Catálogo
 En Linea

Cruising speed -a documentary / (Registro nro. 17781)

Detalles MARC
000 -CABECERA
campo de control de longitud fija 00558cam a2200169 a 4500
001 - NÚMERO DE CONTROL
campo de control 000018260
005 - FECHA Y HORA DE LA ÚLTIMA TRANSACCIÓN
campo de control 20200929165427.0
008 - DATOS DE LONGITUD FIJA--INFORMACIÓN GENERAL
campo de control de longitud fija 710917s1971 xxu 001 0aeng d
040 ## - FUENTE DE LA CATALOGACIÓN
Centro catalogador/agencia de origen DO-SdBNP
Lengua de catalogación spa
Centro/agencia transcriptor BNPHU
082 ## - NÚMERO DE LA CLASIFICACIÓN DECIMAL DEWEY
Número de clasificación xxxx
Número de documento/Ítem B924c
100 1# - ENTRADA PRINCIPAL--NOMBRE DE PERSONA
Nombre de persona Buckley, William F.
Forma completa/desarrollada del nombre (William Frank),
Fechas asociadas al nombre 1925-2008.
9 (RLIN) 39552
245 10 - MENCIÓN DE TÍTULO
Título Cruising speed -a documentary /
Mención de responsabilidad, etc. William F. Buckley, Jr.
260 ## - PUBLICACIÓN, DISTRIBUCIÓN, ETC.
Lugar de publicación, distribución, etc. New York :
Nombre del editor, distribuidor, etc. Putnam´s Sons,
Fecha de publicación, distribución, etc. 1971.
300 ## - DESCRIPCIÓN FÍSICA
Extensión 257 p. ;
Dimensiones 22 cm.
500 ## - NOTA GENERAL
Nota general Inclue índice
600 10 - PUNTO DE ACCESO ADICIONAL DE MATERIA--NOMBRE DE PERSONA
Nombre de persona Buckley, William F.
Forma completa/desarrollada del nombre (William Frank),
Fechas asociadas al nombre 1925-2008.
9 (RLIN) 39552
Existencias
Estado de retiro Estado de pérdida Restricciones de uso No para préstamo Código de colección Localización permanente Ubicación/localización actual Ubicación en estantería Fecha de adquisición Número de inventario Total de préstamos Signatura topográfica completa Código de barras Fecha visto por última vez Precio válido a partir de Tipo de ítem Koha
        Monografías: Libros y Folletos General General En catalogación 22.04.2010 LF1   xxxx B924c 18260-10 25.06.2020 25.06.2020 Préstamo en sala

Con tecnología Koha